The Amsterdam connection; Level 4
Gespeichert in:
| 1. Verfasser: | |
|---|---|
| Format: | Buch |
| Sprache: | Undetermined |
| Veröffentlicht: |
Cambridge, UK.
Cambridge Univ. Press
2001
|
| Schlagworte: | |
| Tags: |
Tag hinzufügen
Keine Tags, Fügen Sie den ersten Tag hinzu!
|
| Thư viện lưu trữ: | Trung tâm Học liệu Trường Đại học Cần Thơ |
|---|
| LEADER | 00512nam a2200193Ia 4500 | ||
|---|---|---|---|
| 001 | CTU_54916 | ||
| 008 | 210402s9999 xx 000 0 und d | ||
| 020 | |b 61000 | ||
| 082 | |a 428.64 | ||
| 082 | |b C178/Level 4 | ||
| 100 | |a Sue Leather | ||
| 245 | 4 | |a The Amsterdam connection; Level 4 | |
| 245 | 0 | |c Sue Leather | |
| 260 | |a Cambridge, UK. | ||
| 260 | |b Cambridge Univ. Press | ||
| 260 | |c 2001 | ||
| 650 | |a english language | ||
| 650 | |x readers | ||
| 980 | |a Trung tâm Học liệu Trường Đại học Cần Thơ | ||